Katy Perry - One Of The Boys - Statistics

General Stats
  • This quiz has been taken 9 times
  • The average score is 7 of 14
Answer Stats
2008 One Of The Boys % Correct
7 Hot N Cold
86%
2 I Kissed A Girl
86%
1 One Of The Boys
86%
4 Thinking Of You
71%
6 Ur So Gay
71%
3 Waking Up In Vegas
57%
13 A Cup Of Coffee
43%
12 Fingerprints
43%
5 Mannequin
43%
8 If You Can Afford Me
29%
11 I'm Still Breathing
29%
14 I Think I'm Ready
29%
9 Lost
29%
10 Self Inflicted
29%
No matching quizzes found
Score Distribution
Percent of People with Each Score
Percentile by Number Answered
Your Score History
You have not taken this quiz